000 00305nam a2200133 i 4500
001 bg
100 1 _aWIŚNIEWSKI, L.
245 0 _aDr DOS na poważnie. 6 /
_cL. Wiśniewski.
260 _aWarszawa,
_c1992.
040 _cBPK
041 _apol
942 _cKS
008 s pl f |000 0 pol
999 _c29637
_d29637
856 _uhttp://koha.tu.koszalin.pl/cgi-bin/koha/opac-detail.pl?biblionumber=29637
_yKatalog online BPK